000 00772nam a2200253Ia 4500
003 0100
005 20161004114822.0
008 130303s9999 xx 000 0 und d
040 _cARRUPELIB
050 _aBR1360.S51993
100 _aSanneh, Lamin
_926433
245 _aEncountering the West
245 _bChristianity and the global cultural process: the African Dimension
260 _aLondon
260 _bMarshall Pickering LTD
300 _a286p.
300 _b 22cm.
650 _aChristianity and culture
_926434
650 _amissions
_zAfrica
_926435
650 _aChristianity and other religions
_926436
650 _aChristianity and other religions
_xIslan
_926437
650 _aIslam
_xRelations
_xChristianity
_926438
942 _2lcc
_cMONOGRAPH
999 _c18984
_d18984